00769naa#a2200169#i#4500001001600000005001700016011001400033100004100047102000700088200019600095210011900291215001000410608004500420675005400465700005600519856002400575RU\\bibl\12099920260430085318.4##a2782-5256##a20251225b2025####ek#y0rusy0150####ca##aRU1#aО присвоении и растрате имущества при чрезвычайных ситуациях в Российской ФедерацииeЖурнальная статья1#aМоскваcМосковский университет МВД России имени В.Я. Кикотяd2025##a4 с.##aЖурнальная статья2local##aПраво. Юридические науки. 34#1aЭриашвилиgНодари Дарчоевич4#amosumvd.editorum.ru